00862nam a2200205 a 4500008004100000020003200041040002500073041001300098044001100111080001200122100002400134245015400158260007200312500002500384700004800409700008000457958000600537999001700543952009600560951214s1985||||[C 0 slo c c29 Kčs. q(10000 výtl.) aSNKbslocSNKeAACR21 aslohslo axocSK a885.4-31 aLenčo, Ján4aut10aŽena medzi kráľmicJán Lenčo ; Katarína Ševellová-Šuteková, Katarína pozri Ševelová-Šuteková Šuteková-Ševellová aBratislavabSlovenský spisovateľc1985eMartinfTlačiarne SNP aRozlož. tit. list.1 aŠevellová-Šuteková, Katarína4bkd1 aŠuteková-Ševellová, Katarína pozri Ševelová-Šuteková4bkd aA c12118d12118 001040708Ka10000b10000d2019-11-29g29.00i11420oB 5546r2019-11-29w2019-11-29yKLDO